Statistics for Countries that Border Poland

Click here to take the quiz!

General Stats

  • This quiz has been taken 128,200 times
    (128,197 since last reset)
  • The average score is 6 of 7

Answer Stats

LengthCountry% Correct
467 kmGermany
99%
210 kmRussia (Kaliningrad)
93%
796 kmCzech Republic
92%
104 kmLithuania
91%
418 kmBelarus
90%
541 kmSlovakia
90%
535 kmUkraine
89%

Score Distribution

Percentile by Number Answered

Percent of People with Each Score

Your Score History

You have not taken this quiz since the last reset